000 00314nam a22001337a 4500
999 _c528328
_d528328
003 NUST
038 _aMS
082 _a518.028553
_bHUA
100 _aHuei-Huang
_920055
245 _aProgramming and Engineering Computing with MATLAB 2018
260 _aUSA
_bSDC
_c2018
300 _a528,P;
_c30cm
942 _2ddc
_cBK